BIBLIOTHÈQUE DE LA MAISON DU MEXIQUE

Logo 1 Logo 2

Milagros de nuestra señora (notice nᵒ 11741)

détails MARC
000 -Sello discográfico
campo de control de longitud fija 00939nam a2200337 4500
005 - Identificación de versión
campo de control 20250925141611.0
035 ## - Otros números de control del sistema
Número de control del sistema 3956
099 ## - fechas locales
Tipo de ítem Koha LIBRO
100 ## - Datos de procesamiento general
Datos de procesamiento general 20040924d1944 m y1spay5003 ba
105 ## - Campo de datos codificados: Material textual, monográfico
Datos codificados de monografía y 001zy
200 1# - Título y mención de responsabilidad
Título propio Milagros de nuestra señora
Designación general del material texto impreso
Primer mención de responsabilidad Gonzalo de Berceo
Declaración de responsabilidad subsiguiente edición y notas A.G. Solalinde
210 ## - Publicación, distribución, etc.
Lugar de publicación, distribución, etc. Madrid
Nombre del editor, distribuidor, etc. Espasa - Calpe
Fecha de publicación, distribución, etc. 1944
215 ## - Descripción física
Designación de material específico y extensión del ítem 211 p
Dimensiones 19 cm
318 ## - Nota de acción
Acción No se presta a domicilio
345 ## - Nota de información de adquisición
Fuente de adquisición/dirección de la suscripción [OBSOLETO] Donación
410 #1 - Series
Título Clásicos Castellanos
Número de volumen 44
676 ## - Clasificación Decimal Dewey
Número R860 C614 v.44
700 ## - Nombre personal - Responsabilidad primaria
Elemento de entrada Berceo
Parte del nombre distinta del elemento de entrada Gonzalo de
Fechas Siglo XIII
Número Koha 18405
702 ## - Nombre personal - Responsabilidad secundaria
Elemento de entrada Solalinde
Parte del nombre distinta del elemento de entrada Antonio García
Fechas 1892-1937
Número Koha 18406
801 #0 - Fuente de origen
Agencia cm
900 ## -
-- 1/8069
900 ## -
-- 7100419835\240904
942 ## - ELEMENTOS DE ENTRADA SECUNDARIOS (KOHA)
Tipo de ítem Koha Livre

Pas d'exemplaire disponible.